| 000 | 00484nam a22001937a 4500 | ||
|---|---|---|---|
| 003 | CEME | ||
| 005 | 20210628203156.0 | ||
| 008 | 210122b xxu||||| |||| 00| 0 eng d | ||
| 020 | _a81-7409-195-5 | ||
| 040 | _c. | ||
| 082 | _a510.2462 GRE | ||
| 100 |
_aGrewal , B.S. Dr _963771 |
||
| 245 | _aHigher engineering mathematics | ||
| 250 | _a39 TH | ||
| 260 |
_aINDIA _bKHANNA PUBLISHERS _c2005 |
||
| 300 | _aXI,1276P | ||
| 650 |
_aENGINEERING MATHEMATICS _92310 |
||
| 942 |
_cBK _2ddc |
||
| 999 |
_c572492 _d572492 |
||